| 000 | 01003nam a2200265Ia 4500 | ||
|---|---|---|---|
| 003 | OSt | ||
| 005 | 20221005103601.0 | ||
| 006 | a|||||r|||| 00| 0 | ||
| 007 | ta | ||
| 008 | 221004b |||||||| |||| 00| 0 hin d | ||
| 020 |
_a9788192453729 (hbk) _c400 |
||
| 024 | _a8721 | ||
| 037 |
_b123, 26/12/2014, Vidyanidhi Prakashan _cTextual |
||
| 040 |
_aCRL _cCRL _bhin |
||
| 041 |
_2hin _ahin |
||
| 082 | _aQ1:24:g, 152Q3 | ||
| 100 | _aदुबे, सत्यप्रकाश, संपा. | ||
| 245 | 0 | _aऔपनिषद रहस्यम् | |
| 246 | _aAupaniṣhad rahasyam | ||
| 260 |
_aजोधपुर _bमहाराजा मानसिंह पुस्तक प्रकाश शोध कंेद्र भारत _c2013 |
||
| 300 |
_a310पृ0 _ccm. |
||
| 650 | _aधर्म | ||
| 942 |
_hQ1:24:g, 152Q3 _cTEXL _2cc |
||
| 999 |
_c1010348 _d1010348 |
||